000 00990aam a2200373a 44500
008 930106s1980 cat
017 _aB-12514-1980
020 _a8450036704
041 _acat
041 _bspa
080 _a342.9:352(038)
100 _aBaulies, Jordi
_966167
245 _aDiccionari terminològic de l'administració municipal: Castellà-català
245 _cJoan B Xuriguera
245 _cJordi Baulies
260 _aBarcelona
260 _bAjuntament de Barcelona. Secretaria General
260 _c1980
300 _a115 p.
_c22 cm
500 _aCategoria gramatical
520 _aaprox. 6000
591 _a803
592 _aObra terminològica
593 _aMD
594 _a803
650 _aadministració local
_965392
650 _adret administratiu
_960796
700 _aXuriguera, J.B.
_962635
901 _c<1980>
902 _a930106
942 _cMO
_n0
999 _c55095
_d55095